000 01315cam a2200337 a 4500
001 EDZ0000077518
003 StDuBDS
005 20161031105202.0
006 m||||||||d||||||||
007 cr |||||||||||
008 120418s2008 caua fo| 001|0|eng d
020 _a9781446215906 (ebook) :
_cNo price
040 _aStDuBDS
_beng
_cStDuBDS
_epn
049 _aAlfaisal Main Library
050 0 _aLB1775
_b.S414 2008
082 0 4 _a371.1002341
_223
100 1 _aSedgwick, Fred.
245 1 0 _aSo you want to be a teacher?
_h[electronic resource] /
_cFred Sedgwick.
260 _aLos Angeles, [Calif.] ;
_aLondon :
_bSAGE,
_cc2008.
300 _a1 online resource (x, 98 p.) :
_bill.
504 _aIncludes bibliographical references and index.
520 8 _aCovering the key issues of teacher training courses, 'So You Want To Be A Teacher?' guides prospective teachers through all stages of the training process.
521 _aSpecialized.
588 _aDescription based on print version record.
650 0 _aTeaching
_xVocational guidance
_zGreat Britain.
655 7 _aElectronic books.
_2local
710 2 _aSage eBooks
776 0 8 _iPrint version :
_z9781412945080
856 4 0 _uhttp://ezproxy.alfaisal.edu/login?url=http://sk.sagepub.com/books/so-you-want-to-be-a-teacher
942 _2lcc
_cEBOOKS
999 _c481219
_d481219